000 00265nam a2200109Ia 4500
008 200302s9999 xx 000 0 und d
100 _aP C Jain
245 _aEarly Indian Architecture
260 _bBharatiya Kala Prakahan Delhi
260 _c2015
300 _a342 P.,
999 _c3989
_d3989